[Event "FRA-ch Youth 2017"]
[Site "Belfort"]
[Date "2017.04.21"]
[Round "7"]
[White "Laurent-Paoli, Pierre"]
[Black "Philippe, Guillaume"]
[Result "1/2-1/2"]
[WhiteElo "2298"]
[BlackElo "2307"]
[Annotator "NA"]
[PlyCount "156"]
[EventDate "2017.??.??"]
[EventCountry "FRA"]
[SourceTitle "playchess.com"]
[Source "ChessBase"]
[SourceQuality "1"]
[TimeControl "5400+30"]

1. d4 {[%emt 0:00:00]} Nf6 {[%emt 0:00:45]} 2. c4 {[%emt 0:00:00]} e6 {[%emt 0:00:37]} 3. Nf3 {[%emt 0:00:04]} b6 {[%emt 0:00:44]} 4. Bf4 {[%emt 0:00:08]} Bb7 {[%emt 0:02:10]} 5. e3 {[%emt 0:00:40]} Bb4+ {[%emt 0:06:36] LiveBook: 204 Games} 6. Nbd2 {[%emt 0:01:38]} Ne4 {[%emt 0:08:51] E12: Queen's Indian: Unusual White 4th moves, 4 a3, 4 Nc3 Bb7 5 a3 and 4 Nc3 Bb7} (6... Be7 7. Bd3 Nh5 8. Bg3 d6 9. Qc2 c5 10. O-O Nxg3 11. fxg3 g6 12. Be4 Nc6 13. d5 exd5 14. Bxd5 {½-½ (103) Kovalenko,I (2664)-Neiksans,A (2620) Liepaja 2016}) 7. a3 {[%emt 0:05:27]} Bxd2+ {[%emt 0:01:36]} 8. Nxd2 {[%emt 0:00:51]} Nxd2 {[%emt 0:09:43]} 9. Qxd2 {[%emt 0:01:14]} d6 {[%emt 0:00:11]} 10. f3 {[%emt 0:13:57]} Qe7 {[%emt 0:10:44]} 11. Be2 $146 {[%emt 0:04:59]} (11. e4 e5 12. Be3 c5 13. d5 {½-½ (25) Cendak,J-Ramirez de Arellano,J Argentina 1983}) 11... O-O {[%emt 0:02:47]} 12. O-O {[%emt 0:01:03]} e5 {[%emt 0:04:16]} 13. Bg3 {[%emt 0:02:34]} Nc6 {[%emt 0:01:50]} 14. Rfe1 {[%emt 0:04:17]} f5 {[%emt 0:02:28]} 15. Bf1 {[%emt 0:11:34]} Qf6 {[%emt 0:01:05]} 16. Bf2 {[%emt 0:01:27]} f4 {[%emt 0:03:07]} 17. d5 {[%emt 0:05:10]} fxe3 {[%emt 0:04:40]} 18. Bxe3 {[%emt 0:01:28]} Ne7 {[%emt 0:01:44]} 19. b4 {[%emt 0:01:18]} Nf5 {[%emt 0:11:04]} 20. Bd3 {[%emt 0:03:54]} Nxe3 {[%emt 0:01:26]} 21. Qxe3 {[%emt 0:00:18]} a5 {[%emt 0:03:53]} 22. Be4 {[%emt 0:01:08]} axb4 {[%emt 0:07:30]} 23. axb4 {[%emt 0:01:18]} g6 {[%emt 0:03:18]} 24. c5 {[%emt 0:04:25]} dxc5 {[%emt 0:04:06]} 25. bxc5 {[%emt 0:00:08]} Rxa1 {[%emt 0:00:45]} 26. Rxa1 {[%emt 0:00:04]} bxc5 {[%emt 0:00:05]} 27. Qxc5 {[%emt 0:01:14]} Qb6 {[%emt 0:01:34]} 28. Qf2 {[%emt 0:07:01]} Rd8 {[%emt 0:01:16]} 29. Rc1 {[%emt 0:13:21]} Qxf2+ {[%emt 0:02:27]} 30. Kxf2 {[%emt 0:00:04]} Bxd5 {[%emt 0:00:06]} 31. Bxd5+ {[%emt 0:00:23]} Rxd5 {[%emt 0:00:05]} 32. Rxc7 {[%emt 0:00:04]} h6 {[%emt 0:02:58]} 33. Ke3 {[%emt 0:00:20]} Ra5 {[%emt 0:00:14]} 34. Ke4 {[%emt 0:03:41]} Kf8 {[%emt 0:01:42]} 35. g4 {[%emt 0:00:23]} Kg8 {[%emt 0:00:47]} 36. Re7 {[%emt 0:01:39]} Ra3 {[%emt 0:00:26]} 37. Rxe5 {[%emt 0:00:22]} Kf7 {[%emt 0:00:11]} 38. Kf4 {[%emt 0:00:59]} Ra4+ {[%emt 0:00:37]} 39. Kg3 {[%emt 0:00:23]} Kf6 {[%emt 0:00:09]} 40. Rb5 {[%emt 0:00:10]} g5 {[%emt 0:00:40]} 41. Rb6+ {[%emt 0:00:56]} Kg7 {[%emt 0:00:06]} 42. h4 {[%emt 0:00:22]} Ra3 {[%emt 0:00:28]} 43. Rb7+ {[%emt 0:00:36]} Kf6 {[%emt 0:00:35]} 44. h5 {[%emt 0:04:31]} Ra6 {[%emt 0:00:06]} 45. Rh7 {[%emt 0:00:06]} Ke5 {[%emt 0:00:03]} 46. Rf7 {[%emt 0:00:09]} Ke6 {[%emt 0:01:11]} 47. Rf5 {[%emt 0:00:26]} Ra3 {[%emt 0:00:39]} 48. Rf8 {[%emt 0:00:10]} Ke5 {[%emt 0:01:09]} 49. Re8+ {[%emt 0:00:21]} Kd5 {[%emt 0:00:25]} 50. Re7 {[%emt 0:01:34]} Rb3 {[%emt 0:00:24]} 51. Ra7 {[%emt 0:00:54]} Rb6 {[%emt 0:00:07]} 52. Rg7 {[%emt 0:00:43]} Ke5 {[%emt 0:00:10]} 53. Rg8 {[%emt 0:00:16]} Ra6 {[%emt 0:00:06]} 54. Rf8 {[%emt 0:00:58]} Ra3 {[%emt 0:01:25]} 55. Rd8 {[%emt 0:00:26]} Ra6 {[%emt 0:00:22]} 56. Rb8 {[%emt 0:00:20]} Rc6 {[%emt 0:00:10]} 57. Re8+ {[%emt 0:00:28]} Kd5 {[%emt 0:00:46]} 58. Re3 {[%emt 0:00:37]} Rf6 {[%emt 0:01:11]} 59. Ra3 {[%emt 0:00:25]} Rb6 {[%emt 0:00:35]} 60. f4 {[%emt 0:01:35]} gxf4+ {[%emt 0:00:04]} 61. Kxf4 {[%emt 0:00:05]} Ke6 {[%emt 0:00:20]} 62. Ra8 {[%emt 0:00:17]} Rb4+ {[%emt 0:00:35]} 63. Kg3 {[%emt 0:00:04]} Kf7 {[%emt 0:00:11]} 64. Ra7+ {[%emt 0:00:19]} Kg8 $14 {[%emt 0:00:18]} 65. Re7 {[%emt 0:00:12]} Ra4 {[%emt 0:00:07]} 66. Kf3 {[%emt 0:00:12]} Rb4 {[%emt 0:00:28]} 67. Re4 {[%emt 0:00:07]} Rb1 {[%emt 0:00:29]} 68. Kf4 {[%emt 0:00:18]} Rf1+ {[%emt 0:00:26]} 69. Ke5 {[%emt 0:00:14]} Kg7 {[%emt 0:00:08]} 70. Rf4 {[%emt 0:00:16]} Re1+ {[%emt 0:00:04]} 71. Kf5 {[%emt 0:00:13]} Ra1 {[%emt 0:00:10]} 72. Re4 {[%emt 0:00:22]} Rf1+ {[%emt 0:00:31]} 73. Ke6 {[%emt 0:00:15]} Ra1 {[%emt 0:00:19]} 74. Rd4 {[%emt 0:00:17]} Re1+ {[%emt 0:00:06]} 75. Kf5 {[%emt 0:00:25]} Rf1+ {[%emt 0:00:04]} 76. Ke5 {[%emt 0:00:14]} Re1+ {[%emt 0:00:04]} 77. Re4 {[%emt 0:00:04]} Ra1 {[%emt 0:00:09]} 78. Rb4 {[%emt 0:00:17]} Re1+ {[%emt 0:00:21] Ke4} 1/2-1/2

[Event "FRA-ch Youth 2017"]
[Site "Belfort"]
[Date "2017.04.21"]
[Round "7"]
[White "Zachary, Matheo"]
[Black "Lomandong, Marc-Antoine"]
[Result "1-0"]
[WhiteElo "2267"]
[BlackElo "2009"]
[Annotator "NA"]
[PlyCount "71"]
[EventDate "2017.??.??"]
[EventCountry "FRA"]
[SourceTitle "playchess.com"]
[Source "ChessBase"]
[SourceQuality "1"]
[TimeControl "5400+30"]

1. e4 {[%emt 0:00:00]} g6 {[%emt 0:01:54]} 2. d4 {[%emt 0:00:00]} Bg7 {[%emt 0:00:17]} 3. Nc3 {[%emt 0:00:00]} c6 {[%emt 0:00:06]} 4. h3 {[%emt 0:00:00]} d5 {[%emt 0:00:06]} 5. Nf3 {[%emt 0:00:14]} dxe4 {[%emt 0:00:40]} 6. Nxe4 {[%emt 0:00:07]} Nd7 {[%emt 0:00:30]} 7. Bd3 {[%emt 0:02:03]} Ngf6 {[%emt 0:00:19]} 8. Nxf6+ {[%emt 0:02:33]} Nxf6 {[%emt 0:01:46]} 9. O-O {[%emt 0:00:19]} O-O {[%emt 0:00:13]} 10. Re1 {[%emt 0:02:11]} Re8 {[%emt 0:03:31] B15: Caro-Kann: 3 Nc3: 3...g6 and 3...dxe4 4 Nxe4 Nf6 5 Nxf6+ exf6} (10... Qc7 11. Bg5 Be6 12. Qd2 Rad8 13. Bh6 Rfe8 14. Bxg7 Kxg7 15. Rxe6 fxe6 16. Ng5 Rd6 17. Re1 Qc8 18. Bc4 Nd5 {1-0 (28) Salem,A (2625)-El Taher,F (2483) Sharjah 2016}) 11. c3 {[%emt 0:00:55] LiveBook: 6 Games} Qb6 {[%emt 0:02:44]} 12. Qc2 $146 {[%emt 0:07:19]} (12. Qe2 Bd7 13. Ne5 Be6 14. Bg5 Rad8 15. Bf4 Rc8 16. b4 Qd8 17. a4 a5 18. bxa5 Qxa5 {½-½ (59) Postler,R (2344)-Braeunlin,K (2145) Dresden 2006}) 12... Bd7 {[%emt 0:07:19]} 13. Bf4 {[%emt 0:04:51]} Rad8 {[%emt 0:10:14]} 14. Nd2 {[%emt 0:03:38]} a5 {[%emt 0:11:53]} 15. Nc4 {[%emt 0:09:30]} Qa7 $1 {[%emt 0:00:34]} 16. a4 {[%emt 0:00:20]} Nd5 {[%emt 0:08:17]} 17. Bg3 {[%emt 0:12:25]} c5 {[%emt 0:02:52]} 18. Ne5 $11 {[%emt 0:00:56]} cxd4 {[%emt 0:11:51]} 19. Nxd7 {[%emt 0:01:02]} dxc3 {[%emt 0:07:20]} 20. bxc3 {[%emt 0:04:45]} Bxc3 {[%emt 0:02:55]} 21. Bb5 {[%emt 0:01:11]} Bxa1 {[%emt 0:05:44]} 22. Rxa1 {[%emt 0:02:07]} Nb4 {[%emt 0:04:26]} 23. Qe4 {[%emt 0:04:32]} Nc6 {[%emt 0:02:07]} 24. Ne5 {[%emt 0:00:39]} Rd4 {[%emt 0:02:32]} 25. Qf3 {[%emt 0:03:26]} Nxe5 {[%emt 0:09:05]} 26. Bxe5 {[%emt 0:00:12]} Red8 {[%emt 0:00:15]} 27. Bxd4 {[%emt 0:00:18]} Qxd4 {[%emt 0:00:10]} 28. Re1 {[%emt 0:00:26]} Qb4 {[%emt 0:00:13]} 29. Rd1 {[%emt 0:01:40]} Rd2 {[%emt 0:00:47]} 30. Rxd2 {[%emt 0:00:48]} Qxd2 {[%emt 0:00:02]} 31. Qxb7 {[%emt 0:00:15]} Qe1+ {[%emt 0:00:07]} 32. Bf1 {[%emt 0:00:07]} e5 {[%emt 0:00:06]} 33. g3 {[%emt 0:00:47]} e4 {[%emt 0:00:44]} 34. Kg2 {[%emt 0:00:34]} e3 {[%emt 0:00:36]} 35. Qb8+ {[%emt 0:00:05]} Kg7 {[%emt 0:00:09]} 36. Qe5+ {[%emt 0:00:04]} 1-0

[Event "FRA-ch Youth 2017"]
[Site "Belfort"]
[Date "2017.04.21"]
[Round "7"]
[White "Micottis, Dorian"]
[Black "Lamard, Guillaume"]
[Result "1/2-1/2"]
[WhiteElo "2249"]
[BlackElo "2307"]
[Annotator "NA"]
[PlyCount "62"]
[EventDate "2017.??.??"]
[EventCountry "FRA"]
[SourceTitle "playchess.com"]
[Source "ChessBase"]
[SourceQuality "1"]
[TimeControl "5400+30"]

1. e4 e5 2. Nf3 Nc6 3. Nc3 Nf6 4. Be2 Bb4 5. Nd5 {C47: Scotch Four Knights and Four Knights with 4 g3} Ba5 6. O-O {LiveBook: 7 Games} (6. c3 Nxe4 7. d3 Nf6 8. Bg5 d6 9. d4 h6 10. Nxf6+ gxf6 11. Bh4 e4 12. Nd2 d5 {1-0 (47) Delgado Ramirez,N (2609)-Bachmann,A (2610) Asuncion 2015}) 6... d6 7. d4 Nxd5 8. exd5 Nxd4 9. Nxd4 exd4 10. Qxd4 O-O 11. Bd3 Re8 12. Qa4 $146 (12. b3 Bd7 {1-0 (27) Zeidler,S (2185)-Eames,R (2201) Reading 2016}) 12... Bb6 13. Bg5 f6 14. Bd2 Re5 15. Rae1 Bd7 16. Qh4 f5 17. Qf4 Rxe1 18. Rxe1 Qf8 19. c4 h6 20. h4 Qf7 21. Bc3 Kh7 22. h5 Rf8 23. Qh4 $18 Re8 24. Rxe8 Qxe8 25. Qh3 Kh8 26. Bxf5 Qe2 27. Bxd7 Qxf2+ 28. Kh2 Qg1+ 29. Kg3 Qe3+ 30. Kh2 Qg1+ 31. Kg3 Qe3+ 1/2-1/2

[Event "FRA-ch Youth 2017"]
[Site "Belfort"]
[Date "2017.04.21"]
[Round "7"]
[White "Tahay, Alexis"]
[Black "Kambrath, Yannick"]
[Result "1-0"]
[WhiteElo "2239"]
[BlackElo "2341"]
[Annotator "NA"]
[PlyCount "105"]
[EventDate "2017.??.??"]
[EventCountry "FRA"]
[SourceTitle "playchess.com"]
[Source "ChessBase"]
[SourceQuality "1"]
[TimeControl "5400+30"]

1. e4 {[%emt 0:02:09]} c5 {[%emt 0:00:04]} 2. Nf3 {[%emt 0:00:04]} d6 {[%emt 0:00:03]} 3. d4 {[%emt 0:00:03]} cxd4 {[%emt 0:00:03]} 4. Nxd4 {[%emt 0:00:03]} Nf6 {[%emt 0:00:09]} 5. Nc3 {[%emt 0:00:03]} a6 {[%emt 0:00:06]} 6. Be2 {[%emt 0:00:53]} e5 {[%emt 0:00:19] LiveBook: 6368 Games} 7. Nb3 {[%emt 0:00:06]} Be7 {[%emt 0:00:26]} 8. Qd3 {[%emt 0:01:04]} O-O {[%emt 0:09:51]} 9. O-O {[%emt 0:01:25]} Be6 {[%emt 0:02:12]} 10. Qg3 {[%emt 0:04:18] B92: Sicilian Najdorf: 6 Be2} (10. Bd2 a5 11. a4 Na6 12. Nd5 Bxd5 13. exd5 b6 14. Rfd1 Nc7 15. Bf3 Nd7 16. Bg4 Nf6 17. Bf3 Nd7 18. Bg4 Nf6 19. Bf3 {½-½ (19) Nepomniachtchi,I (2749)-Grischuk,A (2742) Sharjah 2017}) 10... Re8 {[%emt 0:04:45]} 11. f4 $146 {[%emt 0:12:20]} (11. Bh6 Bf8 12. Be3 Nbd7 13. f4 b5 14. f5 Bxb3 15. axb3 Qc8 16. Rac1 d5 17. Nxd5 Nxe4 18. Qh4 Ndf6 19. Nxf6+ Nxf6 20. Kh1 Be7 21. Qg3 Bc5 22. Bh6 Bf8 23. Be3 {½-½ (23) Anderskewitz,R (2036)-Kuhn,W (2204) GER email 2007}) 11... Qc7 {[%emt 0:09:44]} 12. f5 {[%emt 0:09:03]} Bc4 {[%emt 0:07:35]} 13. Bxc4 {[%emt 0:05:03]} Qxc4 {[%emt 0:00:04]} 14. Bg5 {[%emt 0:04:03]} Nbd7 {[%emt 0:00:43]} ({Don't go for} 14... Nxe4 $2 15. Nxe4 Qxe4 16. Bxe7 $18) 15. Rad1 {[%emt 0:05:54]} b5 {[%emt 0:10:59]} 16. a3 {[%emt 0:03:58]} a5 {[%emt 0:08:31]} 17. Qd3 $15 {[%emt 0:12:18]} Reb8 {[%emt 0:02:45]} 18. Nd2 {[%emt 0:10:52]} Qxd3 {[%emt 0:15:52]} 19. cxd3 {[%emt 0:00:08]} d5 {[%emt 0:01:15]} 20. Bxf6 {[%emt 0:03:23]} Nxf6 {[%emt 0:00:06]} 21. Nxd5 {[%emt 0:00:55]} Nxd5 {[%emt 0:01:23]} 22. exd5 {[%emt 0:00:01]} Bc5+ {[%emt 0:04:30]} 23. Kh1 {[%emt 0:00:08]} Bd4 {[%emt 0:00:24]} 24. b3 {[%emt 0:02:59]} Rd8 {[%emt 0:00:09]} 25. f6 {[%emt 0:07:03]} Rxd5 {[%emt 0:00:35]} 26. fxg7 {[%emt 0:01:05]} Rc8 {[%emt 0:01:32]} 27. Rf3 {[%emt 0:02:01]} Kxg7 {[%emt 0:06:20]} 28. Rdf1 {[%emt 0:00:18]} Rf8 {[%emt 0:02:03]} 29. Ne4 {[%emt 0:00:57]} f5 {[%emt 0:00:07]} 30. Rxf5 {[%emt 0:02:46]} Rxf5 {[%emt 0:00:03]} 31. Rxf5 {[%emt 0:00:04]} Bb2 {[%emt 0:00:46]} 32. h4 {[%emt 0:03:22]} Rxd3 {[%emt 0:04:02]} 33. Nc5 {[%emt 0:03:50]} Rd5 {[%emt 0:02:44]} 34. Ne6+ {[%emt 0:00:29]} Kg6 {[%emt 0:00:51]} 35. g4 {[%emt 0:00:02]} h5 {[%emt 0:02:47]} 36. Nf4+ {[%emt 0:00:39]} exf4 {[%emt 0:00:36]} 37. Rxd5 {[%emt 0:00:03]} hxg4 {[%emt 0:00:28]} 38. Rxb5 {[%emt 0:00:53]} Bf6 {[%emt 0:02:51]} 39. h5+ {[%emt 0:00:41]} Kg7 {[%emt 0:00:29]} 40. Rf5 {[%emt 0:00:10]} f3 {[%emt 0:00:54]} 41. Rf4 {[%emt 0:00:08]} Be7 {[%emt 0:00:30]} 42. Rxg4+ {[%emt 0:00:05]} Kh6 {[%emt 0:00:01]} 43. Ra4 {[%emt 0:00:46]} Kxh5 {[%emt 0:00:14]} 44. Rxa5+ {[%emt 0:00:15]} Kg4 {[%emt 0:00:03]} 45. Kg1 {[%emt 0:00:06]} Kf4 {[%emt 0:00:31]} 46. Kf1 {[%emt 0:00:15]} Bd6 {[%emt 0:00:16]} 47. b4 {[%emt 0:00:11]} Ke4 {[%emt 0:00:10]} 48. Ra6 {[%emt 0:00:05]} Bg3 {[%emt 0:00:12]} 49. b5 {[%emt 0:00:09]} Kd5 {[%emt 0:00:11]} 50. a4 {[%emt 0:00:12]} Kc5 {[%emt 0:00:19]} 51. Rc6+ {[%emt 0:00:23]} Kb4 {[%emt 0:00:03]} 52. b6 {[%emt 0:00:04]} Ka5 {[%emt 0:00:24]} 53. b7 {[%emt 0:00:04]} 1-0

[Event "FRA-ch Youth 2017"]
[Site "Belfort"]
[Date "2017.04.21"]
[Round "7"]
[White "O'Sullivan, Thomas"]
[Black "Heliot, Xabi"]
[Result "1-0"]
[WhiteElo "2223"]
[BlackElo "2081"]
[Annotator "NA"]
[PlyCount "91"]
[EventDate "2017.??.??"]
[EventCountry "FRA"]
[SourceTitle "playchess.com"]
[Source "ChessBase"]
[SourceQuality "1"]
[TimeControl "5400+30"]

1. d4 {[%emt 0:00:00]} Nf6 {[%emt 0:00:07]} 2. Bg5 {[%emt 0:00:00]} e6 {[%emt 0:00:46]} 3. e4 {[%emt 0:00:07]} c5 {[%emt 0:00:23]} 4. d5 {[%emt 0:12:52]} h6 {[%emt 0:11:23]} 5. Bxf6 $1 {[%emt 0:01:17]} Qxf6 {[%emt 0:00:14]} 6. Nc3 {[%emt 0:04:47]} a6 {[%emt 0:02:34] LiveBook: 23 Games} 7. a4 {[%emt 0:03:05]} g6 {[%emt 0:11:36]} 8. Nf3 {[%emt 0:03:09]} Bg7 {[%emt 0:00:44]} 9. e5 {[%emt 0:08:54]} Qf4 {[%emt 0:04:18]} 10. Qe2 {[%emt 0:16:32]} (10. g3 $16 Qf5 11. Bd3) 10... O-O {[%emt 0:04:10]} 11. g3 {[%emt 0:14:53]} Qb4 {[%emt 0:05:27]} 12. O-O-O {[%emt 0:03:47]} d6 {[%emt 0:12:12]} 13. Bg2 {[%emt 0:04:40]} dxe5 {[%emt 0:08:50]} 14. Nxe5 {[%emt 0:00:45]} exd5 $14 {[%emt 0:04:21]} 15. Bxd5 {[%emt 0:00:54]} Nc6 {[%emt 0:03:28]} 16. Nxg6 {[%emt 0:09:28]} Bg4 {[%emt 0:00:32]} 17. f3 {[%emt 0:03:31]} Rfe8 {[%emt 0:00:17]} 18. Qd3 {[%emt 0:01:01]} Be6 {[%emt 0:02:09]} 19. Nf4 {[%emt 0:01:35]} c4 {[%emt 0:11:03]} 20. Qe4 {[%emt 0:01:54]} Bxd5 {[%emt 0:06:12]} 21. Nfxd5 {[%emt 0:00:34]} Qc5 {[%emt 0:00:08]} 22. Qf4 {[%emt 0:01:01]} Red8 {[%emt 0:03:17]} 23. Nf6+ {[%emt 0:01:05]} Kh8 {[%emt 0:02:04]} 24. Nfe4 {[%emt 0:00:37]} Qb6 {[%emt 0:03:04]} 25. Nd6 {[%emt 0:01:16]} Ne5 {[%emt 0:01:38]} 26. Nf5 {[%emt 0:02:14]} Ng6 {[%emt 0:01:05]} 27. Qxc4 {[%emt 0:00:58]} Qf6 {[%emt 0:01:26]} 28. Nxg7 {[%emt 0:00:35]} Qxg7 {[%emt 0:00:01]} 29. Rxd8+ {[%emt 0:00:44]} Rxd8 {[%emt 0:00:01]} 30. Rd1 {[%emt 0:00:38]} Rxd1+ {[%emt 0:00:52]} 31. Nxd1 {[%emt 0:00:01]} f6 {[%emt 0:00:11]} 32. Qe4 {[%emt 0:00:49]} Ne5 {[%emt 0:00:52]} 33. Ne3 {[%emt 0:00:25]} Nc6 {[%emt 0:00:36]} 34. Nf5 {[%emt 0:01:17]} Qg6 {[%emt 0:00:34]} 35. f4 {[%emt 0:00:38]} Nd4 {[%emt 0:00:44]} 36. Qxd4 {[%emt 0:00:29]} Qxf5 {[%emt 0:00:01]} 37. Qd8+ {[%emt 0:00:18]} Kg7 {[%emt 0:00:11]} 38. Qc7+ {[%emt 0:00:01]} Kg6 {[%emt 0:00:01]} 39. Qxb7 {[%emt 0:00:33]} Qa5 {[%emt 0:01:17]} 40. Qe4+ {[%emt 0:00:30]} f5 {[%emt 0:00:30]} 41. Qc6+ {[%emt 0:00:14]} Kh7 {[%emt 0:00:15]} 42. b3 {[%emt 0:00:25]} Kg7 {[%emt 0:00:20]} 43. Kb2 {[%emt 0:00:23]} Kh7 {[%emt 0:00:08]} 44. Qd7+ {[%emt 0:00:39]} Kg6 {[%emt 0:00:40]} 45. Qe6+ {[%emt 0:00:15]} Kh7 {[%emt 0:00:15]} 46. Qe5 {[%emt 0:00:31]} 1-0

[Event "FRA-ch Youth 2017"]
[Site "Belfort"]
[Date "2017.04.21"]
[Round "7"]
[White "Viel, Simon"]
[Black "Travadon, Loic"]
[Result "0-1"]
[WhiteElo "2220"]
[BlackElo "2348"]
[Annotator "NA"]
[PlyCount "70"]
[EventDate "2017.??.??"]
[EventCountry "FRA"]
[SourceTitle "playchess.com"]
[Source "ChessBase"]
[SourceQuality "1"]
[TimeControl "5400+30"]

1. e4 {[%emt 0:00:00]} c5 {[%emt 0:00:03]} 2. Nf3 {[%emt 0:00:00]} d6 {[%emt 0:00:04]} 3. d4 {[%emt 0:00:00]} Nf6 {[%emt 0:00:08]} 4. Nc3 {[%emt 0:00:00]} cxd4 {[%emt 0:00:03]} 5. Nxd4 {[%emt 0:00:00]} Nc6 {[%emt 0:00:04]} 6. Bc4 {[%emt 0:00:00]} e6 {[%emt 0:00:05]} 7. Be3 {[%emt 0:00:04]} a6 {[%emt 0:00:11]} 8. Qe2 {[%emt 0:00:05]} Qc7 {[%emt 0:00:04]} 9. O-O-O {[%emt 0:00:27] LiveBook: 358 Games} Bd7 {[%emt 0:00:04]} 10. Bb3 {[%emt 0:03:05] B89: Sicilian: Velimirovic Attack} b5 {[%emt 0:00:05]} 11. f3 {[%emt 0:02:51]} (11. Nxc6 Bxc6 12. Bd4 Be7 13. Bxf6 Bxf6 14. Nd5 Bxd5 15. exd5 e5 16. Rd3 Qd7 17. Rc3 a5 {0-1 (31) Hector,J (2512)-Rapport,R (2674) Malmo 2013}) 11... b4 {[%emt 0:00:13]} 12. Nb1 {[%emt 0:02:02]} Be7 {[%emt 0:09:01]} 13. g4 {[%emt 0:01:54]} Nxd4 $146 {[%emt 0:02:03]} (13... Na5 14. g5 Nh5 15. f4 Nxf4 16. Bxf4 e5 17. Be3 exd4 18. Rxd4 Nxb3+ 19. axb3 {0-1 (40) Magnucka,M (2040)-Przezdziecka,E (2155) Mrzezyno 2011}) 14. Bxd4 {[%emt 0:02:58]} Bb5 {[%emt 0:00:31]} 15. Qg2 {[%emt 0:07:35]} O-O {[%emt 0:17:47]} 16. g5 {[%emt 0:03:16] [#]} Nh5 $1 {[%emt 0:03:39]} 17. Qg4 {[%emt 0:24:09]} g6 {[%emt 0:00:09]} 18. f4 {[%emt 0:07:42]} Bd7 {[%emt 0:06:14]} (18... Rac8 $19 {Threatens to win with ...a5.} 19. Rd2 a5) 19. Qf3 {[%emt 0:01:45]} a5 {[%emt 0:01:19]} 20. c3 {[%emt 0:04:34]} a4 {[%emt 0:02:48]} 21. Bc2 {[%emt 0:01:04]} e5 {[%emt 0:05:24]} 22. Be3 {[%emt 0:04:10]} exf4 {[%emt 0:04:09]} 23. Bxf4 {[%emt 0:01:32]} a3 $19 {[%emt 0:00:45]} ({But not} 23... Nxf4 24. Qxf4 Rfb8 25. h4 $19) 24. b3 {[%emt 0:02:41]} Nxf4 {[%emt 0:00:58]} 25. Qxf4 {[%emt 0:00:15]} bxc3 {[%emt 0:00:18]} 26. h4 {[%emt 0:02:29]} f6 {[%emt 0:03:31]} 27. Qg3 {[%emt 0:08:02]} fxg5 {[%emt 0:01:31]} 28. hxg5 {[%emt 0:00:12]} Ra5 {[%emt 0:00:53]} 29. Nxc3 {[%emt 0:06:44]} Rc8 {[%emt 0:02:11]} 30. Qh2 {[%emt 0:06:18]} Bxg5+ {[%emt 0:01:03]} 31. Kb1 {[%emt 0:00:25]} h6 {[%emt 0:01:14]} 32. Nd5 {[%emt 0:01:06]} Rxd5 {[%emt 0:01:42]} 33. exd5 {[%emt 0:00:38]} Qc3 {[%emt 0:00:40]} 34. Bxg6 {[%emt 0:01:17]} Bf6 {[%emt 0:00:33]} 35. Bh7+ {[%emt 0:01:45]} Kh8 {[%emt 0:00:07]} 0-1